[Event "40th Olympiad Women"]
[Site "Istanbul TUR"]
[Date "2012.08.30"]
[Round "3.14"]
[Board "3"]
[White "Voiska, Margarita"]
[Black "Gerasimova, Olga"]
[Result "1-0"]
[WhiteTitle "WGM"]
[BlackTitle "WIM"]
[WhiteElo "2281"]
[BlackElo "2087"]
[WhiteTeam "Bulgaria"]
[BlackTeam "ICSC"]
[WhiteFideId "2900602"]
[BlackFideId "24109622"]
[EventDate "2012.08.28"]

1. Nf3 Nf6 2. c4 g6 3. Nc3 d5 4. cxd5 Nxd5 5. g3 Bg7 6. Bg2 O-O 7. O-O e6 8. d4
Re8 9. e4 Nxc3 10. bxc3 c5 11. e5 Nc6 12. Be3 Ne7 13. Nd2 cxd4 14. cxd4 Nd5 15.
Ne4 Rb8 16. Bg5 Qa5 17. Nd6 Rf8 18. Bxd5 exd5 19. Be7 Bh3 20. Re1 h5 21. Bxf8
Bxf8 22. Qf3 Be6 23. Qf4 b5 24. Rec1 b4 25. Nxf7 Bxf7 26. e6 Rb7 27. exf7+ Rxf7
28. Qg5 Kh7 29. Rc6 Rg7 30. Qd2 Qb5 31. Qc2 a5 32. Re1 a4 33. Ree6 b3 34. axb3
axb3 35. Qb1 b2 36. Rb6 1-0

[Event "40th Olympiad Women"]
[Site "Istanbul TUR"]
[Date "2012.08.30"]
[Round "3.14"]
[Board "4"]
[White "Myronenko, Natalya"]
[Black "Raeva, Elitsa"]
[Result "0-1"]
[BlackTitle "WIM"]
[WhiteElo "1891"]
[BlackElo "2313"]
[WhiteTeam "ICSC"]
[BlackTeam "Bulgaria"]
[WhiteFideId "14124530"]
[BlackFideId "2906660"]
[EventDate "2012.08.28"]

1. e4 c5 2. Nf3 d6 3. d4 cxd4 4. Nxd4 Nf6 5. Nc3 a6 6. a4 e5 7. Nb3 Be6 8. Bg5
Be7 9. Bxf6 Bxf6 10. Nd5 Bg5 11. Be2 O-O 12. O-O Nd7 13. a5 Rc8 14. c4 Kh8 15.
Bd3 Bxd5 16. cxd5 Qf6 17. Nd2 Bh6 18. Nc4 Rc7 19. Qe2 Rfc8 20. Ne3 Bg5 21. Qd2
Nc5 22. Rac1 g6 23. Rc3 Qf4 24. Qc2 Bd8 25. Nc4 Nxd3 26. Qxd3 Qf6 27. Rfc1 Kg7
28. Ne3 Qe7 29. b4 Qd7 30. R3c2 h5 31. Rxc7 Rxc7 32. Rxc7 Qxc7 33. Qc4 Qd7 34.
g3 h4 35. Qe2 hxg3 36. hxg3 Bg5 37. Kg2 Qa4 38. Nc2 Qb3 39. Kg1 Qb1+ 40. Kg2 Qb3
41. Kg1 Bd8 42. Kg2 b6 43. axb6 Bxb6 44. Kf1 f5 45. Kg2 f4 46. gxf4 exf4 47. f3
Qb1 48. Ne1 Qxb4 49. Nd3 Qd4 50. Nxf4 Qg1+ 51. Kh3 Bf2 52. Qb2+ Kh7 53. Ng2 Qh1+ 0-1

[Event "40th Olympiad Women"]
[Site "Istanbul TUR"]
[Date "2012.08.30"]
[Round "3.15"]
[Board "1"]
[White "Ordaz Valdes, Lisandra Teresa"]
[Black "Medina, Warda Aulia"]
[Result "1-0"]
[WhiteTitle "WGM"]
[BlackTitle "WFM"]
[WhiteElo "2344"]
[BlackElo "2218"]
[WhiteTeam "Cuba"]
[BlackTeam "Indonesia"]
[WhiteFideId "3506940"]
[BlackFideId "7101570"]
[EventDate "2012.08.28"]

1. d4 e6 2. c4 Nf6 3. Nc3 Bb4 4. Qc2 d5 5. a3 Bxc3+ 6. Qxc3 Ne4 7. Qc2 c5 8.
dxc5 Nc6 9. Nf3 Qa5+ 10. Bd2 Qxc5 11. e3 Nxd2 12. Nxd2 dxc4 13. Bxc4 O-O 14. b4
Qe7 15. O-O a5 16. b5 Ne5 17. Be2 Nd7 18. Rfc1 Nf6 19. Bf3 Rd8 20. Nc4 Qc5 21.
Qb2 a4 22. Ne5 Qb6 23. Qb4 Nd5 24. Nc4 Qc7 25. b6 Qd7 26. Qc5 Qe8 27. g3 Qf8 28.
Qxf8+ Kxf8 29. e4 Ne7 30. e5 Nf5 31. Rd1 Nd4 32. Bg2 Ke7 33. Nd6 Nb3 34. Ra2 Ra5
35. Rc2 Rc5 36. Rxc5 Nxc5 37. Rc1 Rxd6 38. exd6+ Kxd6 39. Rd1+ Ke7 40. f4 Bd7
41. Kf2 Bb5 42. Ke3 Ba6 43. Kd4 Nd7 44. Rc1 Nxb6 45. Bxb7 Be2 46. Rc7+ Kf6 47.
Bc6 Nd5 48. Ra7 h5 49. Bxd5 exd5 50. Rxa4 h4 51. Ra7 1-0

[Event "40th Olympiad Women"]
[Site "Istanbul TUR"]
[Date "2012.08.30"]
[Round "3.15"]
[Board "2"]
[White "Sihite, Chelsie Monica"]
[Black "Pina Vega, Sulennis"]
[Result "1-0"]
[WhiteTitle "WIM"]
[BlackTitle "WGM"]
[WhiteElo "2162"]
[BlackElo "2345"]
[WhiteTeam "Indonesia"]
[BlackTeam "Cuba"]
[WhiteFideId "7101198"]
[BlackFideId "3503151"]
[EventDate "2012.08.28"]

1. e4 c5 2. Nf3 a6 3. c4 e6 4. d4 cxd4 5. Nxd4 Nf6 6. Nc3 Bb4 7. Qd3 Qc7 8. Nc2
Bxc3+ 9. bxc3 Qe5 10. f3 d5 11. Be2 dxe4 12. Qe3 Nbd7 13. f4 Qc5 14. Ba3 Qxe3
15. Nxe3 b6 16. Rb1 Kd8 17. g4 Kc7 18. g5 Ne8 19. f5 Nc5 20. O-O Nd6 21. Bg4 Bd7
22. h4 g6 23. fxe6 fxe6 24. Kh2 Rhf8 25. Kg3 Nf5+ 26. Bxf5 gxf5 27. Bxc5 bxc5
28. Kf4 Bc6 29. Ke5 Rad8 30. Ng2 Rd2 31. Nf4 Bd7 32. h5 Rg8 33. Rg1 Rf2 34. h6
Be8 35. Nxe6+ Kc8 36. Rb6 Bd7 37. Rgb1 Bxe6 38. Rc6+ Kd8 39. Rxe6 Rxg5 40. Rb7
f4+ 41. Kd6 Rd2+ 42. Kc6 1-0

[Event "40th Olympiad Women"]
[Site "Istanbul TUR"]
[Date "2012.08.30"]
[Round "3.15"]
[Board "4"]
[White "Aay, Aisyah Anisa"]
[Black "Llaudy Pupo, Lisandra"]
[Result "0-1"]
[BlackTitle "WIM"]
[WhiteElo "1818"]
[BlackElo "2264"]
[WhiteTeam "Indonesia"]
[BlackTeam "Cuba"]
[WhiteFideId "7102895"]
[BlackFideId "3506487"]
[EventDate "2012.08.28"]

1. e4 Nf6 2. e5 Nd5 3. c4 Nb6 4. d4 d6 5. exd6 cxd6 6. Nc3 g6 7. Be3 Bg7 8. Rc1
O-O 9. Be2 d5 10. c5 Nc4 11. Nf3 Nxe3 12. fxe3 Bh6 13. Kf2 Nc6 14. b4 e5 15. b5
exd4 16. Nxd4 Nxd4 17. Qxd4 Re8 18. Nd1 Re4 19. Qd3 Bf5 20. Bf3 Rxe3 21. Qxd5
Rxf3+ 22. Qxf3 Qd2+ 23. Kg3 Qxc1 24. c6 bxc6 25. bxc6 Rc8 26. Re1 Rd8 27. c7 Rd3
28. c8=Q+ Qxc8 29. Ne3 Qc3 30. Kf2 Qd2+ 0-1

[Event "40th Olympiad Women"]
[Site "Istanbul TUR"]
[Date "2012.08.30"]
[Round "3.16"]
[Board "1"]
[White "Sharevich, Anna"]
[Black "Salazar, Aura Cristina"]
[Result "1-0"]
[WhiteTitle "WGM"]
[BlackTitle "WFM"]
[WhiteElo "2261"]
[BlackElo "2228"]
[WhiteTeam "Belarus"]
[BlackTeam "Colombia"]
[WhiteFideId "13503189"]
[BlackFideId "4403312"]
[EventDate "2012.08.28"]

1. d4 Nf6 2. c4 g6 3. Nc3 Bg7 4. e4 d6 5. Be2 O-O 6. Bg5 c5 7. d5 e6 8. Qd2 exd5
9. exd5 Re8 10. Nf3 Bg4 11. O-O Nbd7 12. h3 Bxf3 13. Bxf3 a6 14. a4 Qb6 15. Qc2
h5 16. Bd2 Nh7 17. Rae1 Bd4 18. Be4 Ne5 19. b3 Qd8 20. Ne2 f5 21. Nxd4 cxd4 22.
Bd3 a5 23. f4 Nd7 24. Rxe8+ Qxe8 25. Re1 Qd8 26. Qb2 Nc5 27. Qxd4 Nxb3 28. Qf2
Qf6 29. Re6 Qa1+ 30. Kh2 Nf8 31. Re1 Qxa4 32. Bc3 Re8 33. Rb1 Nd7 34. Bxf5 Re7
35. Be6+ Kf8 36. f5 gxf5 37. Qxf5+ Ke8 38. Bxd7+ Rxd7 39. Bf6 Nc5 40. Re1+ Kf8
41. Be7+ Kg7 42. Qf6+ Kh7 43. Qf7+ Kh6 44. h4 1-0

[Event "40th Olympiad Women"]
[Site "Istanbul TUR"]
[Date "2012.08.30"]
[Round "3.16"]
[Board "2"]
[White "Franco Valencia, Angela"]
[Black "Stetsko, Lanita"]
[Result "1/2-1/2"]
[WhiteTitle "WFM"]
[BlackTitle "FM"]
[WhiteElo "2170"]
[BlackElo "2130"]
[WhiteTeam "Colombia"]
[BlackTeam "Belarus"]
[WhiteFideId "4403070"]
[BlackFideId "13505300"]
[EventDate "2012.08.28"]

1. e4 e5 2. Nf3 Nc6 3. Bb5 a6 4. Ba4 Nf6 5. d4 exd4 6. O-O Be7 7. Re1 b5 8. e5
Nxe5 9. Rxe5 d6 10. Re1 bxa4 11. Nxd4 Bd7 12. Qf3 O-O 13. Nc6 Bxc6 14. Qxc6 d5
15. Bf4 Bd6 16. Bxd6 Qxd6 17. Qxd6 cxd6 18. Na3 Rfe8 19. f3 Rxe1+ 20. Rxe1 Rb8
21. b3 Kf8 22. Kf2 axb3 23. axb3 Rb4 24. Ra1 Nd7 25. Nb1 d4 26. Rxa6 d3 27. Na3
dxc2 28. Nxc2 Rxb3 29. Rxd6 Ke7 30. Rd2 Rb2 31. Re2+ Kf6 32. Ne3 Rxe2+ 33. Kxe2
Ke5 34. Nc4+ Kd5 35. Ne3+ Ke5 36. g3 f5 37. Nc4+ Kd5 38. Ne3+ Ke5 1/2-1/2

[Event "40th Olympiad Women"]
[Site "Istanbul TUR"]
[Date "2012.08.30"]
[Round "3.16"]
[Board "3"]
[White "Revo, Tatiana"]
[Black "Chirivi C, Jenny Astrid"]
[Result "1-0"]
[BlackTitle "WIM"]
[WhiteElo "2058"]
[BlackElo "2212"]
[WhiteTeam "Belarus"]
[BlackTeam "Colombia"]
[WhiteFideId "13506480"]
[BlackFideId "4403061"]
[EventDate "2012.08.28"]

1. e4 c5 2. Nf3 e6 3. d4 cxd4 4. Nxd4 a6 5. Bd3 Qc7 6. O-O Nf6 7. Nc3 Be7 8. Be3
h5 9. h3 b5 10. e5 Qxe5 11. Qf3 Nd5 12. Nxd5 exd5 13. Nf5 Nc6 14. Rfe1 Qf6 15.
h4 Kd8 16. Bg5 Qxb2 17. Nxe7 f6 18. Nxd5 Bb7 19. Qf4 Rc8 20. Nxf6 1-0

[Event "40th Olympiad Women"]
[Site "Istanbul TUR"]
[Date "2012.08.30"]
[Round "3.16"]
[Board "4"]
[White "Castrillon Gomez, Melissa"]
[Black "Nevioselaya, Maria"]
[Result "1-0"]
[WhiteTitle "WFM"]
[WhiteElo "2181"]
[BlackElo "2057"]
[WhiteTeam "Colombia"]
[BlackTeam "Belarus"]
[WhiteFideId "4402413"]
[BlackFideId "13502280"]
[EventDate "2012.08.28"]

1. e4 e5 2. Nc3 Nf6 3. f4 d5 4. fxe5 Nxe4 5. Qf3 Nxc3 6. dxc3 Qh4+ 7. g3 Qe4+ 8.
Qxe4 dxe4 9. Bg2 Bf5 10. Ne2 Nc6 11. Nd4 Nxd4 12. cxd4 O-O-O 13. O-O Bg6 14. Be3
Be7 15. Rad1 f6 16. Bh3+ Kb8 17. e6 c6 18. c4 Bh5 19. g4 Bg6 20. d5 cxd5 21.
cxd5 Bd6 22. Bg2 h5 23. g5 Be5 24. Bd4 Rxd5 25. Bxa7+ Kxa7 26. Rxd5 Re8 27. Bh3
Bxb2 28. Rb1 Bc3 29. Rd7 fxg5 30. Rbxb7+ Ka8 31. Ra7+ Kb8 32. Rdb7+ Kc8 33. Rd7
Kb8 34. Rab7+ Ka8 35. Rb3 Bf6 36. Rd5 Re7 37. Bf1 Rb7 38. Rdb5 Rxb5 39. Bxb5 Ka7
40. Bc6 e3 41. e7 Bd4 42. Kf1 1-0

[Event "40th Olympiad Women"]
[Site "Istanbul TUR"]
[Date "2012.08.30"]
[Round "3.17"]
[Board "1"]
[White "Dembo, Yelena"]
[Black "Cori T., Deysi"]
[Result "1-0"]
[WhiteTitle "IM"]
[BlackTitle "WGM"]
[WhiteElo "2457"]
[BlackElo "2413"]
[WhiteTeam "Greece"]
[BlackTeam "Peru"]
[WhiteFideId "723916"]
[BlackFideId "3801934"]
[EventDate "2012.08.28"]

1. e4 e6 2. d4 d5 3. Nd2 Nf6 4. e5 Nfd7 5. Bd3 c5 6. c3 b6 7. Ne2 Ba6 8. Bb1 Nc6
9. Nf3 cxd4 10. cxd4 Be7 11. O-O Rc8 12. Re1 Qc7 13. Bd2 Na5 14. Bc3 Nc4 15. a4
O-O 16. Bd3 b5 17. axb5 Bxb5 18. Rc1 Qb6 19. Nf4 Rfe8 20. Qe2 a6 21. h4 Na5 22.
Bxb5 axb5 23. Nxd5 exd5 24. Bxa5 Qa6 25. Bd2 Nf8 26. Qd3 Ne6 27. Ra1 Qb6 28. b3
Ra8 29. g3 Ba3 30. Rad1 Rec8 31. Ng5 Nxg5 32. Bxg5 Bb2 33. Be7 Rc3 34. Qd2 Ra2
35. Bb4 Rf3 36. Re3 Rxe3 37. Qxe3 Qg6 38. Qf3 Qe6 39. Qe2 Qa6 40. Qf3 Qe6 41.
Kg2 Ba1 42. Bc5 h6 43. Qd3 Qg4 44. Re1 b4 45. Qb1 Ra6 46. Bxb4 Bxd4 47. Qd1 h5
48. Qxg4 hxg4 49. Rd1 Bxe5 50. Rxd5 f6 51. Bc5 Ra2 52. b4 Rb2 53. Rd7 f5 54. Rd5
Re2 55. Be3 f4 56. Rxe5 1-0

[Event "40th Olympiad Women"]
[Site "Istanbul TUR"]
[Date "2012.08.30"]
[Round "3.17"]
[Board "2"]
[White "Aliaga Fernandez, Ingrid Y"]
[Black "Botsari, Anna-Maria"]
[Result "1/2-1/2"]
[WhiteTitle "WFM"]
[BlackTitle "WGM"]
[WhiteElo "2169"]
[BlackElo "2336"]
[WhiteTeam "Peru"]
[BlackTeam "Greece"]
[WhiteFideId "3802191"]
[BlackFideId "4200446"]
[EventDate "2012.08.28"]

1. e4 c5 2. Nf3 e6 3. c4 Nc6 4. Nc3 e5 5. Be2 d6 6. d3 Be7 7. Rb1 f5 8. exf5
Bxf5 9. Nd2 Nf6 10. Nde4 O-O 11. O-O a5 12. Ng3 Bg6 13. Bf3 Rb8 14. a4 Nd4 15.
Be4 Nxe4 16. Ngxe4 Ne6 17. Nd5 Rf7 18. b3 Bf8 19. f4 exf4 20. Nxf4 Nxf4 21. Bxf4
Rc8 22. Qg4 Qd7 23. Qg3 d5 24. Ng5 Rf5 25. Nf3 dxc4 26. dxc4 Rxf4 27. Qxf4 Bxb1
28. Rxb1 Re8 29. Re1 Rxe1+ 30. Nxe1 Be7 31. Qe4 Bf6 32. Nd3 g6 33. Qd5+ Qxd5 34.
cxd5 Kf7 35. Kf2 Ke7 1/2-1/2

[Event "40th Olympiad Women"]
[Site "Istanbul TUR"]
[Date "2012.08.30"]
[Round "3.17"]
[Board "3"]
[White "Makropoulou, Marina"]
[Black "Casusol, Cecilia"]
[Result "1-0"]
[WhiteTitle "WGM"]
[WhiteElo "2256"]
[BlackElo "2030"]
[WhiteTeam "Greece"]
[BlackTeam "Peru"]
[WhiteFideId "4200187"]
[BlackFideId "3803163"]
[EventDate "2012.08.28"]

1. e4 e5 2. Nf3 Nc6 3. Bb5 a6 4. Ba4 Nf6 5. O-O Be7 6. Re1 b5 7. Bb3 d6 8. c3
O-O 9. h3 Na5 10. Bc2 c5 11. d4 cxd4 12. cxd4 Nc6 13. Nc3 Qc7 14. Bg5 Bb7 15.
Rc1 Rac8 16. Nd5 Qd8 17. Nxe7+ Qxe7 18. d5 Nb4 19. Bb1 a5 20. Qd2 Qd8 21. Bxf6
Qxf6 22. a3 Na6 23. Qxa5 Nc5 24. Bc2 Rb8 25. Qd2 h6 26. Qe3 Qe7 27. b4 Nd7 28.
Bd3 Nf6 29. Rc3 Nh5 30. Rec1 Nf4 31. Rc7 Qf6 32. Bf1 Qg6 33. Nh4 Qg5 34. Nf5
Rfd8 35. Kh2 Qf6 36. Ne7+ Kf8 37. g3 Ng6 38. Nxg6+ fxg6 39. Be2 h5 40. Qf3 Qxf3
41. Bxf3 Kg8 42. Kg2 Rbc8 43. Be2 Rb8 44. Re7 Bc8 45. Rcc7 Ra8 46. Rxg7+ Kf8 47.
Rcf7+ 1-0

[Event "40th Olympiad Women"]
[Site "Istanbul TUR"]
[Date "2012.08.30"]
[Round "3.17"]
[Board "4"]
[White "Chumpitaz, Ann"]
[Black "Pavlidou, Ekaterini"]
[Result "0-1"]
[WhiteTitle "WFM"]
[BlackTitle "WIM"]
[WhiteElo "2160"]
[BlackElo "2237"]
[WhiteTeam "Peru"]
[BlackTeam "Greece"]
[WhiteFideId "3804178"]
[BlackFideId "4213262"]
[EventDate "2012.08.28"]

1. e4 c5 2. Nf3 d6 3. d4 cxd4 4. Nxd4 Nf6 5. Nc3 a6 6. h3 e6 7. g4 d5 8. exd5
Nxd5 9. Bg2 Bb4 10. Ne2 Nc6 11. O-O Nxc3 12. Nxc3 Qc7 13. Ne4 O-O 14. c3 Be7 15.
Ng3 Rd8 16. Qe2 Bd7 17. Nh5 Ne5 18. Bf4 Bd6 19. Rfd1 Bb5 20. Qe3 Nc4 21. Qg3
Bxf4 22. Rxd8+ Rxd8 23. Qxf4 Qxf4 24. Nxf4 Nxb2 25. a4 Bc4 26. Bf3 a5 27. Rb1
Rd2 28. Ng2 Ba2 29. Ra1 Nxa4 30. c4 Nc5 31. Ne3 a4 32. Nf1 Rb2 33. Rd1 Kf8 34.
Rd8+ Ke7 35. Rc8 Na6 36. Ne3 a3 37. Ra8 Bxc4 38. Nxc4 a2 39. Nxb2 a1=Q+ 40. Nd1
Qb1 41. Kg2 Nc5 42. Rc8 Nd3 43. Rc7+ Kf6 44. Nc3 Nf4+ 45. Kh2 Qf1 46. Ne4+ Kg6
47. Rc3 f5 48. Kg3 fxe4 49. Bxe4+ Kf6 0-1

[Event "40th Olympiad Women"]
[Site "Istanbul TUR"]
[Date "2012.08.30"]
[Round "3.18"]
[Board "2"]
[White "Heredia Serrano, Carla"]
[Black "Baciu, Diana"]
[Result "0-1"]
[WhiteTitle "WIM"]
[BlackTitle "WFM"]
[WhiteElo "2242"]
[BlackElo "2186"]
[WhiteTeam "Ecuador"]
[BlackTeam "Moldova"]
[WhiteFideId "3603687"]
[BlackFideId "13903284"]
[EventDate "2012.08.28"]

1. e4 e6 2. d3 d5 3. Nd2 c5 4. Ngf3 Nc6 5. g3 Nge7 6. Bg2 g6 7. O-O Bg7 8. Re1
O-O 9. c3 b6 10. Qe2 Qc7 11. e5 g5 12. h3 h6 13. b3 Ba6 14. Bb2 Ng6 15. c4 Rae8
16. h4 gxh4 17. gxh4 Nb4 18. d4 Nc2 19. dxc5 bxc5 20. Rac1 Nxe1 21. Rxe1 d4 22.
b4 Rb8 23. b5 Bb7 24. Bc1 Kh8 25. Nf1 Bxf3 26. Qxf3 Qe7 27. h5 Nxe5 28. Qg3 Nxc4
29. Nh2 Nd6 30. Ng4 Nf5 31. Qf3 Qh4 32. Bf4 Rxb5 33. Ne5 Bxe5 34. Bxe5+ Kh7 35.
Re4 Rb1+ 36. Bf1 Rg8+ 37. Bg3 Qg5 38. Qd3 Nxg3 0-1

[Event "40th Olympiad Women"]
[Site "Istanbul TUR"]
[Date "2012.08.30"]
[Round "3.18"]
[Board "3"]
[White "Smokina, Karolina"]
[Black "Vasquez Ramirez, Rocio"]
[Result "0-1"]
[WhiteTitle "WGM"]
[BlackTitle "WIM"]
[WhiteElo "2156"]
[BlackElo "2132"]
[WhiteTeam "Moldova"]
[BlackTeam "Ecuador"]
[WhiteFideId "13900382"]
[BlackFideId "3600750"]
[EventDate "2012.08.28"]

1. c4 c5 2. Nc3 Nc6 3. g3 Nf6 4. Bg2 g6 5. d3 Bg7 6. e4 d6 7. Nge2 h5 8. h3 e5
9. Bg5 Be6 10. Qd2 Qd7 11. Nd5 Nh7 12. Be3 Nd4 13. Nxd4 cxd4 14. Bh6 O-O 15.
Bxg7 Kxg7 16. f4 b5 17. b3 Rac8 18. O-O f6 19. h4 Bxd5 20. cxd5 Rc3 21. Qe2 Qg4
22. Qxg4 hxg4 23. fxe5 fxe5 24. Rxf8 Kxf8 25. Bf1 Rc2 26. b4 Nf6 27. a4 bxa4 28.
Rxa4 Nh5 29. Rxa7 Nxg3 30. Ra8+ Kg7 31. Ra7+ Kf6 32. Ra8 Rb2 33. Rf8+ Kg7 34.
Rf2 Rb1 35. Kg2 Nh5 36. Be2 g3 37. Bxh5 gxf2 38. Be2 Rxb4 39. Kxf2 Rb2 40. Ke1
Kh6 41. Kf1 Rxe2 0-1

[Event "40th Olympiad Women"]
[Site "Istanbul TUR"]
[Date "2012.08.30"]
[Round "3.19"]
[Board "1"]
[White "Vovk, Oksana"]
[Black "Mamedjarova, Zeinab"]
[Result "0-1"]
[WhiteTitle "WIM"]
[BlackTitle "WGM"]
[WhiteElo "2159"]
[BlackElo "2285"]
[WhiteTeam "Denmark"]
[BlackTeam "Azerbaijan"]
[WhiteFideId "1404695"]
[BlackFideId "13401521"]
[EventDate "2012.08.28"]

1. d4 Nf6 2. c4 c5 3. d5 e6 4. Nc3 exd5 5. cxd5 d6 6. Nf3 g6 7. Bf4 a6 8. a4 Bg7
9. h3 O-O 10. e3 Qc7 11. Be2 b6 12. Nd2 Nbd7 13. Nc4 Ne8 14. Ne4 Be5 15. Nxe5
dxe5 16. Bh6 Ng7 17. d6 Qb8 18. Bc4 b5 19. Bd5 Bb7 20. O-O Ra7 21. axb5 Bxd5 22.
Qxd5 Qxb5 23. Rfc1 Rc8 24. Ng5 Rf8 25. Ne4 Rc8 26. Bxg7 Kxg7 27. b4 cxb4 28.
Qxb5 axb5 29. Nd2 Ra3 30. Rab1 Rxc1+ 31. Rxc1 Rd3 32. Ne4 b3 33. Kf1 f5 34. Ng5
Rxd6 35. Ke2 e4 36. h4 h6 37. Nh3 Ra6 38. Kd2 Ra2+ 39. Kc3 Nc5 40. Rb1 Rc2+ 41.
Kb4 b2 42. Nf4 Nd3+ 43. Kb3 Rc1 44. Rxb2 Nxb2 45. Kxb2 Rf1 46. Nh3 Kf6 47. Kc3
g5 0-1

[Event "40th Olympiad Women"]
[Site "Istanbul TUR"]
[Date "2012.08.30"]
[Round "3.19"]
[Board "2"]
[White "Mammadova, Gulnar"]
[Black "Guindy, Esmat"]
[Result "1-0"]
[WhiteTitle "WGM"]
[BlackTitle "WFM"]
[WhiteElo "2324"]
[BlackElo "2132"]
[WhiteTeam "Azerbaijan"]
[BlackTeam "Denmark"]
[WhiteFideId "13403508"]
[BlackFideId "1401637"]
[EventDate "2012.08.28"]

1. e4 e6 2. d4 d5 3. Nc3 Nf6 4. Bg5 dxe4 5. Nxe4 Be7 6. Bxf6 gxf6 7. Nf3 b6 8.
Bc4 Bb7 9. Qe2 c6 10. O-O-O Nd7 11. Rhe1 Qc7 12. Kb1 O-O-O 13. Ba6 Bxa6 14.
Qxa6+ Kb8 15. g3 b5 16. a4 Qb6 17. axb5 cxb5 18. Qa2 Rhe8 19. Qb3 Qb7 20. Qe3
Nb6 21. Nxf6 Bxf6 22. Qf4+ Ka8 23. Qxf6 Nd5 24. Qe5 b4 25. Rd3 f6 26. Qe4 f5 27.
Qe5 Nc3+ 28. bxc3 bxc3+ 29. Kc1 Rc8 30. Qe3 Qb2+ 31. Kd1 Re7 32. d5 Rb7 33. dxe6
Qb1+ 34. Ke2 Qxc2+ 35. Kf1 f4 36. Qe4 fxg3 37. hxg3 Kb8 38. Nd4 Qa4 39. e7 1-0

[Event "40th Olympiad Women"]
[Site "Istanbul TUR"]
[Date "2012.08.30"]
[Round "3.19"]
[Board "3"]
[White "Fredericia, Louise"]
[Black "Mamedjarova, Turkan"]
[Result "0-1"]
[WhiteTitle "WFM"]
[BlackTitle "WGM"]
[WhiteElo "2091"]
[BlackElo "2245"]
[WhiteTeam "Denmark"]
[BlackTeam "Azerbaijan"]
[WhiteFideId "1404113"]
[BlackFideId "13402005"]
[EventDate "2012.08.28"]

1. c4 e5 2. g3 Nf6 3. Bg2 d5 4. cxd5 Nxd5 5. Nf3 Nc6 6. d3 Be7 7. O-O O-O 8.
Nbd2 Be6 9. Nc4 f6 10. b3 Qd7 11. Bb2 Rad8 12. Rc1 Bh3 13. Qc2 Bxg2 14. Kxg2 Qg4
15. Ng1 Ncb4 16. Qd1 Nxa2 17. Ra1 Nac3 18. Bxc3 Nxc3 19. Qc2 Nb5 20. Na5 Rb8 21.
Qc4+ Qxc4 22. bxc4 Nd4 23. e3 Nc2 24. Rab1 Nb4 25. d4 b6 26. Rxb4 Bxb4 27. Nc6
a5 28. Nxb8 Rxb8 29. d5 a4 30. Ra1 a3 31. Ne2 Ra8 32. Ra2 Ra4 33. Nc1 Bf8 34.
Rc2 Rb4 35. Nd3 Rb3 36. Nc1 Rb2 37. Rc3 a2 38. Nxa2 Rxa2 0-1

[Event "40th Olympiad Women"]
[Site "Istanbul TUR"]
[Date "2012.08.30"]
[Round "3.20"]
[Board "1"]
[White "Sedina, Elena"]
[Black "Sanchez Castillo, Sarai"]
[Result "1-0"]
[WhiteTitle "IM"]
[BlackTitle "IM"]
[WhiteElo "2338"]
[BlackElo "2193"]
[WhiteTeam "Italy"]
[BlackTeam "Venezuela"]
[WhiteFideId "812153"]
[BlackFideId "3900754"]
[EventDate "2012.08.28"]

1. e4 e6 2. d4 d5 3. e5 c5 4. c3 Nc6 5. Nf3 Bd7 6. Be2 f6 7. O-O fxe5 8. dxe5
Qc7 9. Bf4 Nge7 10. c4 d4 11. Bd3 h6 12. Nbd2 O-O-O 13. Ne4 Nf5 14. h3 Nb4 15.
Bb1 Bc6 16. a3 Na6 17. Bd3 Kb8 18. Qe2 Ka8 19. Rfc1 Rg8 20. Bh2 g5 21. Nfd2 Nh4
22. f3 Nf5 23. b4 cxb4 24. c5 bxa3 25. Rxa3 Bxe4 26. Nxe4 Nxc5 27. Qa2 b6 28.
Nxc5 Bxc5 29. Qxe6 Ne7 30. Qa2 Nc6 31. Rxc5 bxc5 32. e6 Qb7 33. Be4 Rg7 34. Ra6
d3 35. Rxc6 d2 36. Qxd2 1-0

[Event "40th Olympiad Women"]
[Site "Istanbul TUR"]
[Date "2012.08.30"]
[Round "3.20"]
[Board "2"]
[White "Gutierrez, Leonela"]
[Black "Zimina, Olga"]
[Result "0-1"]
[BlackTitle "IM"]
[WhiteElo "2067"]
[BlackElo "2327"]
[WhiteTeam "Venezuela"]
[BlackTeam "Italy"]
[WhiteFideId "3900401"]
[BlackFideId "4132190"]
[EventDate "2012.08.28"]

1. e4 e5 2. Nf3 Nc6 3. Bc4 Bc5 4. c3 Nf6 5. d3 O-O 6. O-O a6 7. Bb3 Ba7 8. Re1
d6 9. h3 Ne7 10. Nh4 Nd7 11. Qh5 Nc5 12. Bc2 Ne6 13. Nf5 g6 14. Nh6+ Kg7 15. Qh4
Ng8 16. Qxd8 Rxd8 17. Nxg8 Kxg8 18. Bh6 f6 19. h4 Kf7 20. Be3 Kg7 21. Nd2 d5 22.
exd5 Rxd5 23. Nf3 c5 24. Rad1 Bd7 25. Nd2 Rd8 26. b4 Bc8 27. Ne4 b6 28. bxc5
bxc5 29. Rb1 R5d7 30. Rb2 Bb7 31. Reb1 Bd5 32. Ba4 Rc7 33. Bc2 Rdd7 34. Ba4 Rd8
35. Bc2 f5 36. Ng5 f4 37. Nxe6+ Bxe6 38. Bc1 c4 39. d4 Kf6 40. g3 Kf7 41. gxf4
exd4 42. Rb7 Rdd7 43. Rxc7 Rxc7 44. cxd4 Bxd4 45. Be3 Bf6 46. h5 c3 47. a3 Bf5
48. hxg6+ hxg6 49. Rc1 Bxc2 50. Rxc2 Ke6 51. Kf1 Kd5 52. Ke2 Kc4 53. Rc1 Rc6 54.
Rb1 Be7 55. a4 c2 56. Rg1 Kb3 57. a5 Ba3 58. Rg5 Re6 59. Re5 Rxe5 60. fxe5 c1=Q
61. Bxc1 Bxc1 62. Kd3 Ka4 63. Ke4 Kxa5 64. e6 Ba3 65. Kd5 Kb5 66. Ke5 Be7 0-1

[Event "40th Olympiad Women"]
[Site "Istanbul TUR"]
[Date "2012.08.30"]
[Round "3.20"]
[Board "3"]
[White "De Rosa, Mariagrazia"]
[Black "Montilla, Jorcerys"]
[Result "0-1"]
[WhiteTitle "WFM"]
[WhiteElo "2087"]
[BlackElo "2050"]
[WhiteTeam "Italy"]
[BlackTeam "Venezuela"]
[WhiteFideId "815136"]
[BlackFideId "3900517"]
[EventDate "2012.08.28"]

1. e4 c5 2. Nf3 Nc6 3. d4 cxd4 4. Nxd4 Qb6 5. Nb3 Nf6 6. Be3 Qc7 7. Nc3 e6 8. a3
Be7 9. f4 d6 10. Be2 a6 11. a4 b6 12. O-O Rb8 13. Qd2 Bb7 14. Bf3 O-O 15. Qf2
Ba8 16. g4 Nd7 17. g5 Nb4 18. Rad1 Rfd8 19. Bg2 Bf8 20. Rd2 g6 21. Rfd1 Nc5 22.
Qh4 Qe7 23. Rf1 Bg7 24. Nxc5 bxc5 25. Rf3 h5 26. Rh3 d5 27. f5 exf5 28. exf5
gxf5 29. Bf4 Rb6 30. Re2 Re6 31. Qxh5 Rxe2 32. Nxe2 Nxc2 33. Qh7+ Kf8 34. Bf3 d4
35. Qxf5 d3 36. Nc3 Nd4 37. Qg4 Nxf3+ 38. Rxf3 Bxf3 39. Qxf3 Bxc3 40. bxc3 d2
41. g6 d1=Q+ 0-1